| Tag |
First Indicator |
Second Indicator |
Subfields |
| LEADER |
00000cam a2200000Ia 4500 |
| 001 |
in00002001821 |
| 005 |
20151031124951.0 |
| 008 |
040602s2004 enkc b 001 0 eng d |
| 020 |
|
|
|a 0745322514
|
| 020 |
|
|
|a 0745322506 (pbk)
|
| 035 |
|
|
|a (OCoLC)ocm55529914
|
| 040 |
|
|
|a DOS
|c DOS
|d TXA
|d UtOrBLW
|
| 049 |
|
|
|a TXAM
|
| 090 |
|
|
|a HD75
|b .H35 2004
|
| 100 |
1 |
|
|a Hamilton, Clive.
|
| 245 |
1 |
0 |
|a Growth fetish /
|c Clive Hamilton.
|
| 264 |
|
1 |
|a London ;
|a Sterling, Va. :
|b Pluto Press,
|c 2004.
|
| 300 |
|
|
|a xvii, 262 pages :
|b portrait ;
|c 20 cm.
|
| 336 |
|
|
|a text
|b txt
|2 rdacontent
|
| 337 |
|
|
|a unmediated
|b n
|2 rdamedia
|
| 338 |
|
|
|a volume
|b nc
|2 rdacarrier
|
| 500 |
|
|
|a First published in 2003 by Allen & Unwin, Australia.
|
| 504 |
|
|
|a Includes bibliographical references (pages 241-255) and index.
|
| 650 |
|
0 |
|a Economic development.
|
| 650 |
|
0 |
|a Economic development
|x Social aspects.
|
| 650 |
|
0 |
|a Economic development
|x Environmental aspects.
|
| 650 |
|
0 |
|a Sustainable development.
|
| 650 |
|
0 |
|a Consumption (Economics)
|
| 650 |
|
0 |
|a Capitalism
|x Social aspects.
|
| 650 |
|
0 |
|a Economic policy.
|
| 650 |
|
0 |
|a Social policy.
|
| 948 |
|
|
|a cataloged
|b h
|c 2004/10/25
|d c
|e eneff
|f 12:05:47 pm
|
| 994 |
|
|
|a E0
|b TXA
|
| 999 |
|
|
|a MARS
|
| 999 |
f |
f |
|s 23b6f3ea-1709-3599-97ed-ff86e6202108
|i 75513130-0f74-3287-b149-4ce72d18036e
|t 0
|
| 952 |
f |
f |
|p normal
|a Texas A&M University
|b College Station
|c Sterling C. Evans Library
|d Evans: Library Stacks
|t 0
|e HD75 .H35 2004
|h Library of Congress classification
|i unmediated -- volume
|m A14832225188
|
| 998 |
f |
f |
|a HD75 .H35 2004
|t 0
|l Evans: Library Stacks
|